Microsoft Excel 97
Descripción Física:
226 pàgines ; 30 cm + 1 disc de pràctiques
Colección:
Manuals d'Ofimàtica
MARC
| LEADER | 00000nam a2200000Ia 4500 | ||
|---|---|---|---|
| 001 | 11860 | ||
| 008 | 160829s1998 xx 000 0 cat d | ||
| 017 | |a DL B-20471-2003 | ||
| 080 | |a C-2-95 | ||
| 245 | |a Microsoft Excel 97 | ||
| 246 | 1 | 2 | |a Microsoft Excel 1997 |
| 260 | |a Barcelona : |b Diputació de Barcelona. Servei de Formació Local, |c 1998 | ||
| 300 | |a 226 pàgines ; |c 30 cm + |e 1 disc de pràctiques | ||
| 490 | |a Manuals d'Ofimàtica | ||
| 590 | |a A la contracoberta: Pla de Formació municipal | ||
| 630 | 0 | 0 | |9 54410 |a Microsoft Word |
| 650 | 0 | |a Programari |9 46390 |2 Arxiu | |
| 650 | |a Informàtica |x Manuals, guies, etc. |9 47786 | ||
| 710 | |a Barcelona (Catalunya : Província). |b Servei de Formació Local |9 53659 | ||
| 901 | |a Arxiu | ||
| 942 | |n 1 |2 udc |c ARXIU | ||
| 952 | |0 0 |1 0 |4 0 |6 C295 |7 1 |9 41951 |a Arxiu |b Arxiu |d 2016-12-01 |l 0 |o C-2-95 |p 11860 |r 2016-12-01 00:00:00 |w 2016-12-01 |y ARXIU | ||
| 952 | |0 0 |1 0 |4 0 |6 PDL |7 1 |9 63852 |a Arxiu |b Arxiu |d 2022-09-08 |l 0 |o PDL |p 26764 |r 2022-09-08 00:00:00 |w 2022-09-08 |y ARXIU | ||
| 999 | |c 44398 |d 44398 | ||